Introduction to microwave theory /

Guardado en:
Autor Principal: Atwater, H. A. 1921-
Formato: Libro
Idioma:English
Publicado: Malabar, Fla. : R.E. Krieger Pub. Co., 1981.
Edición:Rev. ed.
Materias:
Etiquetas: Agregar Etiqueta
Sin Etiquetas, Sea el primero en etiquetar este registro!
LEADER 00677cam a22002175a 4500
001 EIQ.libpla000531
008 801231s1981####flua##########001#0#eng#d
005 20060518164254.0
245 1 0 |a Introduction to microwave theory /  |c H. A. Atwater. 
250 |a Rev. ed. 
260 |a Malabar, Fla. :  |b R.E. Krieger Pub. Co.,  |c 1981. 
300 |a ix, 263 p. :  |b il. ;  |c 24 cm. 
500 |a Incluye índice. 
020 |a 0898741920 
100 1 |a Atwater, H. A.  |q (Harry Albert),  |d 1921- 
082 0 0 |a 537/.12  |2 19 
650 4 |a Microondas  |x Teoría. 
650 0 |a Microwaves  |x Theory. 
010 |a  80028677  
040 |a DLC  |c DLC  |d AR-BbSID 
859 |a AR-BbSID  |b BIB. PLAPIQUI  |h 537.12  |i At 91  |p 4186